Účetnictví v éře controllingu
Pojem controlling (v USA sa vyvíja z tradičného manažérskeho účtovníctva). Rozdielna situácia vo finančnom a vnútropodnikovom (VNP) účtovníctve. Čo je podstatné pri tvorbe VNP účtovného systému. Účtovné minimum pre manažéra. Význam VNP účtovníctva v controllingových aplikáciách. (Pokrač. v č. 7/98).
Salvato in:
| Autore principale: | |
|---|---|
| Altri autori: | |
| Natura: | Capitolo di libro |
| Lingua: | ceco |
| Soggetti: | |
| Tags: |
Nessun Tag, puoi essere il primo ad aggiungerne!!
|
MARC
| LEADER | 00000naa a2200000 4500 | ||
|---|---|---|---|
| 001 | r032313 | ||
| 005 | 20230913081648.6 | ||
| 041 | 0 | |a cze | |
| 044 | |a CZ | ||
| 245 | 1 | 0 | |a Účetnictví v éře controllingu |c Jiří Vysušil, Martin Zralý |
| 520 | |a Pojem controlling (v USA sa vyvíja z tradičného manažérskeho účtovníctva). Rozdielna situácia vo finančnom a vnútropodnikovom (VNP) účtovníctve. Čo je podstatné pri tvorbe VNP účtovného systému. Účtovné minimum pre manažéra. Význam VNP účtovníctva v controllingových aplikáciách. (Pokrač. v č. 7/98). | ||
| 610 | 2 | 0 | |a účtovníctvo |
| 610 | 2 | 0 | |a kontroling |
| 610 | 2 | 0 | |a pojmy |
| 610 | 2 | 0 | |a účtovníctvo finančné |
| 610 | 2 | 0 | |a účtovníctvo vnútropodnikové |
| 610 | 2 | 0 | |a manažéri |
| 610 | 2 | 0 | |a účtovníci |
| 100 | 1 | |a Vysušil, Jiří | |
| 700 | 1 | |a Zralý, Martin | |